| 000 | 01439cam a2200385 a 4500 | ||
|---|---|---|---|
| 001 | 11940562 | ||
| 003 | OSt | ||
| 005 | 20140310184337.0 | ||
| 008 | 000314s2001 nyua b 000 1 eng | ||
| 010 | _a 00029720 | ||
| 020 | _a9780439594264 | ||
| 040 |
_aDLC _cDLC _dDLC |
||
| 042 | _alcac | ||
| 050 | 0 | 0 |
_aPZ 8.3 _b.Se4688Bi 2003 |
| 100 | 1 |
_aSerfozo, Mary. _922787 |
|
| 245 | 1 | 4 |
_aThe big bug dug / _cby Mary Serfozo ; illustrated by Jeffrey Scherer. |
| 260 |
_aNew York, NY : _bScholastic Inc, _c2003. |
||
| 300 |
_a1 v. (unpaged) : _bcol. : ill. ; _c23 cm. |
||
| 440 | 0 |
_aMy first hello reader! _924230 |
|
| 500 | _a"Cartwheel Books." | ||
| 500 | _a"With game cards." | ||
| 520 | _aLooking for a quiet place to sleep, a big bug digs down past a snake, a slug, a worm, and down even more. Includes punch-out game cards and skill-building activity pages. | ||
| 521 | 0 |
_aBR _bLexile |
|
| 526 | _cBR | ||
| 562 | _e1 | ||
| 650 | 1 |
_aInsects _vFiction. _924231 |
|
| 650 | 1 |
_aAnimals _vFiction. _924232 |
|
| 650 | 1 |
_aStories in rhyme. _95554 |
|
| 700 | 1 |
_aScherer, Jeffrey, _eill. _924233 |
|
| 856 | 4 | 2 |
_3Publisher description _uhttp://www.loc.gov/catdir/enhancements/fy1203/00029720-d.html |
| 906 |
_a7 _bcbc _corignew _d1 _eocip _f20 _gy-gencatlg |
||
| 942 |
_2lcc _cBK-SCHOLAS |
||
| 999 |
_c33760 _d33760 |
||